000 00697nam a2200289Ia 4500
005 20260324144800.0
008 008 260324s9999 xx 000 0 eng d
020 _a9781315142012
037 _aEBOOK
040 _aCRL
040 _beng
040 _cCRL
041 _2eng
041 _aeng
084 _qCRL
100 _aHeinz Knoepfel
_91220584
245 0 _aEnergy 2000
245 3 _bAn Overview of the World's Energy Resources in the Decades to Come
260 _bTaylor and Francis
260 _c1986
365 _a
365 _b170
856 _uhttp://www.taylorfrancis.com/books/9781315142012
942 _cEBOOK
999 _c1827641
_d1827641